Sports Quiz

Random Sports or MLB Quiz
Score 0/70 Timer 10:00
0 Plays Today
Milestone Category Player % Correct
GamesDerek Jeter
100%
HitsDerek Jeter
100%
DoublesDerek Jeter
100%
RunsAlex Rodriguez
99.2%
HitsAlex Rodriguez
99.2%
Home RunsAlex Rodriguez
99.2%
RBIAlex Rodriguez
99.2%
SavesFrancisco Rodriguez
99.2%
HitsAlfonso Soriano
96.4%
Home RunsAlfonso Soriano
96.4%
HitsTodd Helton
96%
DoublesTodd Helton
96%
SavesMariano Rivera
96%
RunsMiguel Cabrera
94.8%
DoublesMiguel Cabrera
94.8%
HitsDavid Ortiz
94%
DoublesDavid Ortiz
94%
WinsAndy Pettitte
92.8%
Games StartedAndy Pettitte
92.8%
StrikeoutsAndy Pettitte
92.8%
GamesIchiro Suzuki
92%
Stolen BasesIchiro Suzuki
92%
DoublesAlbert Pujols
90.8%
WinsCC Sabathia
88%
Games StartedCC Sabathia
88%
StrikeoutsCC Sabathia
88%
WinsRoy Halladay
87.3%
DoublesPaul Konerko
86.1%
Innings PitchedCliff Lee
85.7%
Stolen BasesJuan Pierre
84.5%
WinsTim Hudson
83.7%
SavesJoe Nathan
82.5%
Games StartedBartolo Colon
81.3%
Innings PitchedBartolo Colon
81.3%
Games StartedBarry Zito
80.1%
Milestone Category Player % Correct
Innings PitchedBarry Zito
80.1%
StrikeoutsJustin Verlander
80.1%
GamesRaul Ibanez
79.3%
RunsRaul Ibanez
79.3%
DoublesRaul Ibanez
79.3%
Home RunsRaul Ibanez
79.3%
Home RunsJose Bautista
78.9%
Home RunsRobinson Cano
78.5%
StrikeoutsTim Lincecum
78.5%
StrikeoutsFelix Hernandez
78.1%
Home RunsChase Utley
77.7%
Stolen BasesJacoby Ellsbury
77.7%
GamesCarlos Beltran
76.9%
RunsAramis Ramirez
73.7%
HitsAramis Ramirez
73.7%
GamesTorii Hunter
73.3%
HitsTorii Hunter
73.3%
Home RunsTorii Hunter
73.3%
StrikeoutsCole Hamels
73.3%
HitsJason Giambi
72.1%
DoublesJason Giambi
72.1%
StrikeoutsA.J. Burnett
71.7%
RunsAdam Dunn
68.5%
Home RunsMark Reynolds
67.3%
Home RunsAdam LaRoche
63.3%
StrikeoutsJohn Lackey
63.3%
RBIMichael Young
61%
Games StartedMark Buehrle
56.6%
TriplesAlex Rios
55.4%
Stolen BasesAlex Rios
55.4%
RunsPlacido Polanco
51.8%
Innings PitchedDan Haren
47.4%
StrikeoutsRyan Dempster
43%
Innings PitchedKyle Lohse
34.3%
StrikeoutsAaron Harang
23.5%

You're not logged in!

Compare scores with friends on all Sporcle quizzes.
OR
Log In

Sporcle TV

Today on Sporcle TV


Watch our educational content, quiz creation guides, and fun videos on Sporcle TV.

Show Comments

Extras

Top Quizzes Today


Score Distribution

Paid Content

Your Account Isn't Verified!

In order to create a playlist on Sporcle, you need to verify the email address you used during registration. Go to your Sporcle Settings to finish the process.

Report this User

Report this user for behavior that violates our Community Guidelines.

Details: